000 00564nam a22001937a 4500
003 OSt
005 20260422020816.0
008 260422b |||||||| |||| 00| 0 eng d
020 _a0-07-231691-8
040 _aDWC-Main lib.
_cOC
082 _24th ed.
_aCirc. 512.9 In61 2001
100 _aSteeter, James
245 _aIntermediate Algebra/
_cJames Steeter
260 _bMcGraw-Hill Companies,
_cc2001.
300 _axx, 910 p. :
_bcolored illustrations ;
_c27 cm.
650 _a1. Algebra.
760 _b4th ed.
942 _2ddc
_cBK-CIRC
_e4th ed.
_hCirc.
_n0
999 _c9648
_d9648